Central Library OPAC University of Rajshahi
Normal view MARC view

Entry Topical Term

Number of records used in: 9

001 - CONTROL NUMBER

  • control field: 2119

003 - CONTROL NUMBER IDENTIFIER

  • control field: BD-RjUL

005 - DATE AND TIME OF LATEST TRANSACTION

  • control field: 20220329110837.0

008 - FIXED-LENGTH DATA ELEMENTS

  • fixed length control field: 220329|| aca||aabn | a|a d

040 ## - CATALOGING SOURCE

  • Original cataloging agency: BD-RjUL
  • Transcribing agency: BD-RjUL

150 ## - HEADING--TOPICAL TERM

  • Topical term or geographic name entry element: Bengali Poetry
  • General subdivision: History and Criticism

670 ## - SOURCE DATA FOUND

  • Source citation: Work cat.: (BD-RjUL)79631: হুদা, মো: দুররুল 2117, মধ্যযুগের বাংলা কাব্যে হিন্দু-মুসলিম সাংস্কৃতিক সমন্বয় :, ২০০৭